| 000 | 01184nam a2200337 a 4500 | ||
|---|---|---|---|
| 001 | 2314 | ||
| 003 | BD-RjUL | ||
| 005 | 20211208233525.0 | ||
| 008 | 161005s19621955nyu b 001 0 eng | ||
| 020 | _a082405363X : | ||
| 035 | _a(BD-RjUL)2341 | ||
| 040 |
_aDLC _cDLC _dDLC _d(BD-RjUL _beng |
||
| 041 | _aeng | ||
| 082 | 0 | 0 |
_a330.1513 _219 _bHEM 1962 |
| 100 | 1 |
_aHeckscher, Eli F. _q(Eli Filip), _d1879-1952. _97510 |
|
| 245 | 1 | 0 |
_aMercantilism / _cEli F. Heckscher.[et al.] |
| 250 | _a2nd rev. ed. | ||
| 260 |
_aNew York : _bGarland Pub., _c1955 [Impression 1962] |
||
| 300 |
_aV. ; _c23 cm. |
||
| 490 | 1 | _aThe World economy | |
| 500 | _aTranslation of the German title: Merkantilismen; originally published in Swedish. | ||
| 500 | _aReprint. Originally published: Rev. 2nd ed. London : Allen & Unwin ; New York : Macmillan, [1955, c1935] | ||
| 504 | _aIncludes bibliographical references and index. | ||
| 505 | 0 | _avol 1 -- v. 2 -- | |
| 650 | 0 |
_aMercantile system. _97511 |
|
| 700 |
_aShapiro, Mendel, Translated _9159824 |
||
| 700 |
_aSoderlund, E.F., Edited _9159825 |
||
| 830 | 0 |
_aWorld economy (New York, N.Y.) _9116675 |
|
| 942 |
_2ddc _cBK |
||
| 999 |
_c2314 _d2314 |
||